STRATEGY TO DEVELOP WORLD CLASS UNIVERSI (Record no. 27091)

MARC details
000 -LEADER
fixed length control field 00385nam a2200133Ia 4500
008 - FIXED-LENGTH DATA ELEMENTS--GENERAL INFORMATION
fixed length control field 240624s9999 xx 000 0 und d
041 ## - LANGUAGE CODE
Language code of text/sound track or separate title eng
082 ## - DEWEY DECIMAL CLASSIFICATION NUMBER
Classification number 378 DHA
100 ## - MAIN ENTRY--PERSONAL NAME
Personal name DHARASKAR RAJIV V
245 ## - TITLE STATEMENT
Title STRATEGY TO DEVELOP WORLD CLASS UNIVERSI
260 ## - PUBLICATION, DISTRIBUTION, ETC.
Date of publication, distribution, etc. 2013
Place of publication, distribution, etc. New Delhi
Name of publisher, distributor, etc. Shroff Publishers & Distributors Pvt Ltd
300 ## - PHYSICAL DESCRIPTION
Extent xxxiv, : 465 : p. : cm. ; 22
365 ## - TRADE PRICE
Currency code RS
Price amount 30
Holdings
Withdrawn status Lost status Damaged status Not for loan Home library Current library Shelving location Date acquired Source of acquisition Cost, normal purchase price Full call number Barcode Date last seen Copy number Price effective from Koha item type
        IMTN IMTN Rack 16-B 03/23/2016 BWN 650.00 378 DHA 27091 06/24/2024 1 06/24/2024 Books
Designed & Maintained by: LRC IMT Nagpur Contact: lrc@imtnag.ac.in© 2024. All Rights Reserved.